000 00429nam a2200169Ia 4500
008 240729s9999 xx 000 0 und d
022 _a1944-3277
245 0 _aStandards in Genomic Sciences
260 _aUnited Kingdom
260 _bBMC
650 _a Biology (General)
650 _a Genetics
650 _aScience
856 _uhttps://doaj.org/toc/c68630c905e54b40936a4533b7caa379
942 _2ddc
942 _cDOAJEJ
999 _c71916
_d71916
945 _a1
_bMadushi Gamage
_c1
_dMadushi Gamage